000 00727nam a22002297a 4500
005 20250502144715.0
008 250502b |||||||| |||| 00| 0 eng d
020 _a978-1-63149-057-6 (pbk)
037 _cTB
040 _aCRL
_cCRL
041 _2eng
_aeng
084 _aR3xC67:g(W) Q4
_qCRL
100 _aRyan, Alan
245 _aOn Aristotle:
_bSaving politics from philosophy
260 _aNew York, USA:
_bLiveright Publishing Corporation,
_c2014.
300 _a216p.
365 _b14.95
_cUSD
650 _aAristotle
650 _aPhilosophy
942 _2CC
_cTB
_hR3xC67:g(W) Q4
_n0
999 _c1309951
_d1309951